书目信息 |
| 题名: |
二十世纪间谍大战
|
|
| 作者: | 沃克曼 著 ;余浩墨 , 余景池 译 | |
| 分册: | 二 名战录 | |
| 出版信息: | 长春 吉林人民出版社 2005 |
|
| 页数: | 246页 | |
| 开本: | 20cm | |
| 丛书名: | ||
| 单 册: | ||
| 中图分类: | D526 | |
| 科图分类: | ||
| 主题词: | 间谍--情报活动--世界 , 间谍 , 情报活动 | |
| 电子资源: | ||
| ISBN: | 7-206-02758-X | |
| 000 | 00956nam0 2200301 45 | |
| 001 | 0120062000087 | |
| 005 | 20070707102143.03 | |
| 010 | @a7-206-02758-X@dCNY20.00 | |
| 092 | @aCN@b489797 | |
| 100 | @a20060415d2005 em y0chiy0121 ea | |
| 101 | 1 | @achi@ceng |
| 102 | @aCN@b220000 | |
| 105 | @af z 000yd | |
| 200 | 1 | @a二十世纪间谍大战@9er shi shi ji jian die da zhan@h二@i名战录@f(美)欧内斯特·沃克曼著@g余浩墨,余景池译 |
| 205 | @a2版 | |
| 210 | @a长春@c吉林人民出版社@d2005 | |
| 215 | @a246页@c照片@d20cm | |
| 330 | @a这是记叙着一场场无形的战争,它即没有滚滚硝烟,也没有万马奔腾,弹指间,一个个军事机密被窃走…… | |
| 517 | 1 | @a名战录@9ming zhan lu |
| 606 | 0 | @a间谍@x情报活动@y世界 |
| 606 | 0 | @a间谍 |
| 606 | 0 | @a情报活动 |
| 690 | @aD526@v4 | |
| 701 | 1 | @a沃克曼@9wo ke man@b欧内斯特@4著 |
| 702 | 0 | @a余浩墨@9yu hao mo@4译 |
| 702 | 0 | @a余景池@9yu jing chi@4译 |
| 801 | 0 | @aCN@bLZJBOOK@c20070707 |
| 905 | @a10447@dD526@e161:2=2 | |
| 二十世纪间谍大战.二.名战录/(美)欧内斯特·沃克曼著/余浩墨,余景池译.-2版.-长春:吉林人民出版社,2005 |
| 246页:照片;20cm |
| ISBN 7-206-02758-X:CNY20.00 |
| 这是记叙着一场场无形的战争,它即没有滚滚硝烟,也没有万马奔腾,弹指间,一个个军事机密被窃走…… |
| ● |
| 相关链接 |
|
|
|
|
正题名:二十世纪间谍大战
索取号:D526/161:2=2
 
预约/预借
| 序号 | 登录号 | 条形码 | 馆藏地/架位号 | 状态 | 备注 |
| 1 | 0566960 | 205669604 | 第一样本阅览室/ [索取号:D526/161:2=2] | 在馆 | |
| 2 | 0566961 | 205669613 | 第一借阅区/ [索取号:D526/161:2=2] | 在馆 | |
| 3 | 0566962 | 205669622 | 第一借阅区/ [索取号:D526/161:2=2] | 在馆 | |
| 4 | 0566963 | 205669631 | 第一借阅区/ [索取号:D526/161:2=2] | 在馆 | |
| 5 | 0566964 | 205669640 | 第一借阅区/ [索取号:D526/161:2=2] | 在馆 |